01008nam a2200289Ia 450000500170000000800410001702000180005810000270007624500910010325000180019430000250021249000140023753400170025158600220026865000340029065000380032465000410036265000450040365000580044870000350050626400430054133600270058433700330061133800280064404000350067208400110070720220317001520.0161108s9999 xx 000 0 und d a97898757817711 aMüller, Hertad1953-10aTodo lo que tengo lo llevo conmigocHerta Müller ; traducción de Rosa Pilar Blanco a1a. edición a268 páginasc19 cm aNarrativa tAtemscbaukel aPremio Nobel 2009142LEMBaNovela rumanaySiglo XX142LEMBaLiteratura rumanaySiglo XX142LEMBaDeportación en la literatura142LEMBaTrabajos forzados en la literatura142LEMBaCrímenes Contra La Humanidad en la literatura1 aBlanco, Rosa Pilaretraductora aBuenos AiresbPunto de lecturac[2016] atextobtxt2rdacontent asin mediaciónbn2rdamedia avolumenbnc2rdacarrier aCO-BoRNBPbspaerdacCO-BoRNBP aN MUL3